000 00390nam a2200157Ia 4500
001 8220
003 IN-NITTTR
005 20251114233036.0
008 251113s9999||||xx |||||||||||||| ||eng||
040 _beng
040 _cIN-NITTTR
041 _aeng
082 _a621.3 M664C R
245 0 _aEngineering  Glossary iv :
_b Electrical engineering,mechanical engineering /
942 _2ddc
_cBK
999 _c10858
_d10858